[Event "Warsaw Najdorf Memorial op-A 09th"]
[Site "Warsaw"]
[Date "2011.07.21"]
[Round "8"]
[White "Zadlo, Tomasz"]
[Black "Szewczak, Andrzej"]
[Result "1-0"]
[WhiteElo "2080"]
[BlackElo "2005"]
[PlyCount "139"]
[EventDate "2011.07.13"]
[EventType "swiss"]
[EventRounds "9"]
[EventCountry "POL"]
[SourceTitle "CBM 143 Extra"]
[Source "ChessBase"]
[SourceDate "2011.08.29"]
[SourceVersion "1"]
[SourceVersionDate "2011.08.29"]
[SourceQuality "1"]

1. e4 d5 2. exd5 Qxd5 3. d4 Nf6 4. Nf3 a6 5. c4 Qd6 6. Nc3 Bg4 7. Be2 e6 8. 0-0 Nbd7 9. c5 Qc6 10. a4 Be7 11. Bb5 axb5 12. axb5 Rxa1 13. bxc6 bxc6 14. Qd3 0-0 15. h3 Bf5 16. Qe2 h6 17. Bf4 Rxf1+ 18. Qxf1 Rb8 19. Qa1 Ne8 20. Qa3 g5 21. Bg3 f6 22. b4 Kf7 23. Qa4 Nf8 24. Nd2 Bd3 25. Qxc6 Rxb4 26. d5 Rb2 27. dxe6+ Nxe6 28. Nf3 Rc2 29. Nd5 Be4 30. Qd7 Bxd5 31. Qxd5 Rxc5 32. Qe4 f5 33. Ne5+ Kg8 34. Qxf5 Rxe5 35. Bxe5 N8g7 36. Qg6 h5 37. g3 Bd6 38. Bf6 Kf8 39. Bxg7+ Nxg7 40. Qf6+ Kg8 41. Qxg5 Kf7 42. f4 Be7 43. Qd5+ Kg6 44. g4 hxg4 45. hxg4 Bd6 46. Qg5+ Kf7 47. f5 Be5 48. Qg6+ Kf8 49. g5 c5 50. Kf1 Bd4 51. Ke2 Be5 52. Kd3 Bd4 53. Qh7 Kf7 54. f6 Bxf6 55. gxf6 Kxf6 56. Qh6+ Kf7 57. Ke4 Ne6 58. Ke5 Ng7 59. Qf6+ Kg8 60. Qg6 Kf8 61. Kd6 c4 62. Qf6+ Kg8 63. Ke7 c3 64. Qf8+ Kh7 65. Kf7 Kh6 66. Qxg7+ Kh5 67. Kf6 Kh4 68. Kf5 Kh3 69. Kf4 c2 70. Qg3# 1-0

[Event "Krakow Malopolski-chA"]
[Site "Krakow"]
[Date "2011.05.07"]
[Round "8"]
[White "Swiech, Przemyslaw"]
[Black "Zadlo, Tomasz"]
[Result "1-0"]
[WhiteElo "2219"]
[BlackElo "2077"]
[PlyCount "61"]
[EventDate "2011.05.01"]
[EventType "swiss"]
[EventRounds "9"]
[EventCountry "POL"]
[SourceTitle "EXT 2013"]
[Source "ChessBase"]
[SourceDate "2012.11.22"]
[SourceVersion "1"]
[SourceVersionDate "2012.11.22"]
[SourceQuality "1"]

1. d4 f5 2. c4 Nf6 3. Nf3 g6 4. g3 Bg7 5. Bg2 0-0 6. 0-0 d6 7. Nc3 Qe8 8. Re1 Qf7 9. Qb3 h6 10. d5 Na6 11. Be3 Ng4 12. Bd4 Ne5 13. Rad1 Nxf3+ 14. Bxf3 Bxd4 15. Rxd4 Nc5 16. Qc2 e5 17. dxe6 Bxe6 18. Bg2 Rae8 19. e3 Kg7 20. b4 Nd7 21. Nd5 Bxd5 22. Bxd5 Qf6 23. Red1 Ne5 24. b5 c6 25. Bg2 Rd8 26. R4d2 c5 27. Qa4 b6 28. Qxa7+ Rf7 29. Qa4 Rdd7 30. Qb3 Rd8 31. f4 1-0

[Event "Krakow Malopolski-chA"]
[Site "Krakow"]
[Date "2011.05.05"]
[Round "5"]
[White "Zadlo, Tomasz"]
[Black "Sniadecki, Jerzy"]
[Result "1-0"]
[WhiteElo "2077"]
[BlackElo "1760"]
[PlyCount "51"]
[EventDate "2011.05.01"]
[EventType "swiss"]
[EventRounds "9"]
[EventCountry "POL"]
[SourceTitle "EXT 2013"]
[Source "ChessBase"]
[SourceDate "2012.11.22"]
[SourceVersion "1"]
[SourceVersionDate "2012.11.22"]
[SourceQuality "1"]

1. e4 c5 2. c3 Nf6 3. e5 Nd5 4. d4 cxd4 5. Nf3 Nc6 6. cxd4 d6 7. Bc4 Nb6 8. Bb3 dxe5 9. d5 Na5 10. Nc3 Nxb3 11. Qxb3 e6 12. Nxe5 exd5 13. 0-0 Bd6 14. Qb5+ Kf8 15. Re1 Be6 16. Nf3 Qd7 17. Qd3 Bb4 18. Be3 Nc4 19. Bd4 f6 20. a3 Ba5 21. b3 Bxc3 22. Qxc3 Nb6 23. Bxf6 gxf6 24. Qxf6+ Kg8 25. Re5 Qf7 26. Rg5+ 1-0

[Event "Krakow Malopolski-chA"]
[Site "Krakow"]
[Date "2011.05.01"]
[Round "1"]
[White "Zadlo, Tomasz"]
[Black "Jakubiec, Artur"]
[Result "0-1"]
[WhiteElo "2077"]
[BlackElo "2535"]
[PlyCount "70"]
[EventDate "2011.05.01"]
[EventType "swiss"]
[EventRounds "9"]
[EventCountry "POL"]
[SourceTitle "EXT 2013"]
[Source "ChessBase"]
[SourceDate "2012.11.22"]
[SourceVersion "1"]
[SourceVersionDate "2012.11.22"]
[SourceQuality "1"]

1. e4 c5 2. c3 e5 3. Nf3 Nc6 4. Na3 Nf6 5. d3 Be7 6. Nc4 d6 7. Be2 0-0 8. 0-0 Be6 9. Ne3 h6 10. Nd2 Qc7 11. Bf3 Rfe8 12. Nd5 Qd8 13. Nc4 Bf8 14. Nce3 Rc8 15. Nf5 Bxd5 16. exd5 Ne7 17. Nxe7+ Qxe7 18. Be4 g6 19. Re1 Bg7 20. Bd2 Qd7 21. c4 b5 22. Qc1 Kh7 23. Re3 Ng8 24. Qc2 Rb8 25. Bc3 f5 26. Bf3 bxc4 27. dxc4 e4 28. Be2 Bd4 29. Rh3 Qg7 30. Rd1 Be5 31. a3 Re7 32. b4 e3 33. Bxe5 exf2+ 34. Kxf2 Qxe5 35. b5 Rbe8 0-1

[Event "Krakow op 21st"]
[Site "Krakow"]
[Date "2010.12.30"]
[Round "4"]
[White "Janik, Andrzej"]
[Black "Zadlo, Tomasz"]
[Result "1/2-1/2"]
[WhiteElo "1918"]
[BlackElo "2081"]
[PlyCount "67"]
[EventDate "2010.12.27"]
[EventType "swiss"]
[EventRounds "9"]
[EventCountry "POL"]
[SourceTitle "CBM 140 Extra"]
[Source "ChessBase"]
[SourceDate "2011.03.01"]
[SourceVersion "1"]
[SourceVersionDate "2011.03.01"]
[SourceQuality "1"]

1. d4 d5 2. Nf3 Nf6 3. Bf4 c6 4. e3 Bg4 5. h3 Bh5 6. Be2 Nbd7 7. Nbd2 e6 8. 0-0 Be7 9. Ne5 Bg6 10. c4 0-0 11. Nxg6 hxg6 12. Bg5 e5 13. dxe5 Nxe5 14. Qb3 Ne4 15. Nxe4 dxe4 16. Rfd1 Qc7 17. Bf4 g5 18. Bxe5 Qxe5 19. Rd7 Bd6 20. g3 Qe6 21. Bg4 f5 22. Qxb7 Be5 23. Re7 Qf6 24. Be2 f4 25. Rf1 Rad8 26. c5 Kh8 27. Bg4 fxe3 28. Re6 e2 29. Rxf6 exf1Q+ 30. Kxf1 Rxf6 31. Qe7 Rd5 32. Qe8+ Kh7 33. Qh5+ Kg8 34. Qe8+ 1/2-1/2

[Event "LSS RA-2010-0-00104"]
[Site "LSS email"]
[Date "2010.09.18"]
[Round "?"]
[White "Vasquez Nigro, Dario Javier"]
[Black "Zadlo, Tomasz"]
[Result "1-0"]
[WhiteElo "2059"]
[BlackElo "2078"]
[PlyCount "33"]
[EventDate "2010.08.12"]
[EventType "tourn (corr)"]
[EventRounds "6"]
[EventCountry "GER"]
[SourceTitle "Corr 2013"]
[Source "ChessBase"]
[SourceDate "2012.11.12"]
[SourceVersion "1"]
[SourceVersionDate "2012.11.12"]
[SourceQuality "1"]

1. e4 c5 2. Nf3 d6 3. d4 cxd4 4. Nxd4 Nf6 5. Nc3 a6 6. Be3 e5 7. Nb3 Be6 8. f3 Be7 9. Qd2 0-0 10. 0-0-0 Nbd7 11. g4 b5 12. g5 b4 13. Ne2 Ne8 14. f4 exf4 15. Bxf4 Ne5 16. h4 Nc7 17. Qxb4 1-0

[Event "LSS OP-2009-0-00907"]
[Site "LSS email"]
[Date "2009.07.28"]
[Round "?"]
[White "Zadlo, Tomasz"]
[Black "Henke, Simon"]
[Result "0-1"]
[WhiteElo "2078"]
[BlackElo "1722"]
[PlyCount "34"]
[EventDate "2009.07.22"]
[EventType "tourn (corr)"]
[EventRounds "4"]
[EventCountry "GER"]
[SourceTitle "Corr 2011"]
[Source "ChessBase"]
[SourceDate "2010.08.31"]
[SourceVersion "1"]
[SourceVersionDate "2010.08.31"]
[SourceQuality "1"]

1. e4 e6 2. d4 d5 3. Nc3 dxe4 4. Nxe4 Nd7 5. Nf3 Ngf6 6. Bd3 Nxe4 7. Bxe4 Nf6 8. Bg5 Be7 9. Bxf6 Bxf6 10. Qd3 Bd7 11. Ne5 Qe7 12. 0-0-0 0-0-0 13. Qb3 c6 14. Kb1 Bxe5 15. dxe5 f5 16. Bd3 Kb8 17. Bc4 Bc8 0-1

[Event "Warsaw Najdorf Memorial op-A 07th"]
[Site "Warsaw"]
[Date "2009.07.25"]
[Round "8"]
[White "Gluszko, Monika"]
[Black "Zadlo, Tomasz"]
[Result "1-0"]
[WhiteElo "1940"]
[BlackElo "2076"]
[PlyCount "45"]
[EventDate "2009.07.18"]
[EventType "swiss"]
[EventRounds "9"]
[EventCountry "POL"]
[SourceTitle "CBM 131 Extra"]
[Source "ChessBase"]
[SourceDate "2009.09.03"]
[SourceVersion "2"]
[SourceVersionDate "2009.09.16"]
[SourceQuality "1"]

1. e4 c5 2. Nf3 d6 3. Bb5+ Bd7 4. Bxd7+ Qxd7 5. 0-0 Nf6 6. Qe2 Nc6 7. c3 e6 8. d4 cxd4 9. cxd4 d5 10. e5 Ne4 11. Be3 Be7 12. Ne1 f5 13. f3 Ng5 14. Nd3 Nf7 15. g4 g6 16. Nd2 0-0-0 17. Nb3 Rde8 18. Ndc5 Bxc5 19. Nxc5 Qc7 20. Rfc1 Qb6 21. b4 Kd8 22. b5 Nb8 23. Bd2 1-0

[Event "Warsaw Najdorf Memorial op-A 07th"]
[Site "Warsaw"]
[Date "2009.07.22"]
[Round "5"]
[White "Zadlo, Tomasz"]
[Black "Skwarczylo, Marek"]
[Result "0-1"]
[WhiteElo "2076"]
[BlackElo "1960"]
[PlyCount "46"]
[EventDate "2009.07.18"]
[EventType "swiss"]
[EventRounds "9"]
[EventCountry "POL"]
[SourceTitle "CBM 131 Extra"]
[Source "ChessBase"]
[SourceDate "2009.09.03"]
[SourceVersion "2"]
[SourceVersionDate "2009.09.16"]
[SourceQuality "1"]

1. e4 c5 2. c3 d5 3. exd5 Qxd5 4. d4 Nc6 5. Nf3 Bf5 6. dxc5 Qxc5 7. Be3 Qa5 8. Bc4 e6 9. 0-0 Nf6 10. b4 Qd8 11. Qa4 Bd6 12. b5 Ne7 13. b6+ Nc6 14. bxa7 0-0 15. Bb5 Qc7 16. h3 Nxa7 17. Bxa7 Bc5 18. Qb3 Bxa7 19. Nbd2 Rfd8 20. Rac1 Bxh3 21. gxh3 Qg3+ 22. Kh1 Qxh3+ 23. Kg1 Ng4 0-1

[Event "Chojnice op"]
[Site "Chojnice"]
[Date "2009.07.16"]
[Round "8"]
[White "Ksieski, Zbigniew"]
[Black "Zadlo, Tomasz"]
[Result "1-0"]
[WhiteElo "2391"]
[BlackElo "2078"]
[PlyCount "61"]
[EventDate "2009.07.11"]
[EventType "swiss"]
[EventRounds "9"]
[EventCountry "POL"]
[SourceTitle "CBM 131 Extra"]
[Source "ChessBase"]
[SourceDate "2009.09.03"]
[SourceVersion "2"]
[SourceVersionDate "2009.09.16"]
[SourceQuality "1"]

1. c4 e5 2. Nc3 Nc6 3. e3 f5 4. d4 e4 5. Nh3 Nf6 6. Be2 Bb4 7. Bd2 Bxc3 8. Bxc3 d6 9. f4 exf3 10. gxf3 Qe7 11. d5 Ne5 12. Qd4 c5 13. dxc6 Nxc6 14. Qd2 Be6 15. Nf4 0-0-0 16. Nd5 Qf7 17. Rg1 Ne5 18. 0-0-0 Bxd5 19. cxd5 Kb8 20. Kb1 Rhe8 21. Bd4 Rc8 22. Qa5 b6 23. Qb4 Qe7 24. Qb3 Red8 25. a4 Qb7 26. f4 Neg4 27. Bxg4 Nxg4 28. e4 Rd7 29. a5 b5 30. e5 a6 31. h3 1-0

[Event "Chojnice op"]
[Site "Chojnice"]
[Date "2009.07.13"]
[Round "4"]
[White "Murawski, Wieslaw"]
[Black "Zadlo, Tomasz"]
[Result "1/2-1/2"]
[WhiteElo "2199"]
[BlackElo "2078"]
[PlyCount "48"]
[EventDate "2009.07.11"]
[EventType "swiss"]
[EventRounds "9"]
[EventCountry "POL"]
[SourceTitle "CBM 131 Extra"]
[Source "ChessBase"]
[SourceDate "2009.09.03"]
[SourceVersion "2"]
[SourceVersionDate "2009.09.16"]
[SourceQuality "1"]

1. e4 c5 2. Nf3 d6 3. d4 cxd4 4. Nxd4 Nf6 5. Nc3 a6 6. Bg5 e6 7. f4 Qb6 8. Qd2 Qxb2 9. Rb1 Qa3 10. f5 Nc6 11. fxe6 fxe6 12. Nxc6 bxc6 13. Be2 Be7 14. Rb3 Qa5 15. 0-0 0-0 16. Be3 Qc7 17. Bb6 Qd7 18. e5 Nd5 19. Rxf8+ Bxf8 20. Nxd5 exd5 21. Bd4 dxe5 22. Bxe5 Bc5+ 23. Kh1 Qe7 24. Qf4 Bd7 1/2-1/2

[Event "Chojnice op"]
[Site "Chojnice"]
[Date "2009.07.11"]
[Round "1"]
[White "Zadlo, Tomasz"]
[Black "Khamitskiy, Sergei"]
[Result "0-1"]
[WhiteElo "2078"]
[BlackElo "2329"]
[PlyCount "86"]
[EventDate "2009.07.11"]
[EventType "swiss"]
[EventRounds "9"]
[EventCountry "POL"]
[SourceTitle "CBM 131 Extra"]
[Source "ChessBase"]
[SourceDate "2009.09.03"]
[SourceVersion "2"]
[SourceVersionDate "2009.09.16"]
[SourceQuality "1"]

1. e4 e6 2. d4 d5 3. Nc3 Bb4 4. Qd3 dxe4 5. Qxe4 Nf6 6. Qh4 Nc6 7. Nf3 Nd5 8. Qxd8+ Nxd8 9. Bd2 Nxc3 10. Bxc3 Bxc3+ 11. bxc3 b6 12. Bd3 Bb7 13. Ne5 f6 14. Nc4 Nc6 15. 0-0 Kf7 16. Ne3 Rhe8 17. Rfe1 e5 18. Bb5 a6 19. Ba4 b5 20. Bb3+ Kg6 21. Nd5 exd4 22. Nxc7 Rxe1+ 23. Rxe1 Rc8 24. Ne6 Na5 25. cxd4 Nxb3 26. cxb3 Rc2 27. Nc5 Bc8 28. a4 b4 29. h3 Kf7 30. Re3 Rc1+ 31. Kh2 a5 32. Kg3 g5 33. Kf3 h5 34. Ke4 Rc2 35. Kd5 Rxf2 36. g3 Bxh3 37. Kc6 Bg2+ 38. Kc7 h4 39. gxh4 gxh4 40. Ne4 Rc2+ 41. Kd8 f5 42. Nd6+ Kf6 43. Re5 h3 0-1

[Event "POL-ch U18"]
[Site "Chotowa"]
[Date "2009.04.01"]
[Round "7"]
[White "Zadlo, Tomasz"]
[Black "Goluch, Piotr"]
[Result "1/2-1/2"]
[WhiteElo "2080"]
[BlackElo "2026"]
[PlyCount "80"]
[EventDate "2009.03.28"]
[EventType "swiss"]
[EventRounds "11"]
[EventCountry "POL"]
[SourceTitle "EXT 2011"]
[Source "ChessBase"]
[SourceDate "2010.11.26"]
[SourceVersion "1"]
[SourceVersionDate "2010.11.26"]
[SourceQuality "1"]

1. e4 c6 2. Ne2 d5 3. e5 c5 4. d4 Nc6 5. c3 Bf5 6. dxc5 Nxe5 7. Nd4 Bd7 8. Qh5 Qc7 9. Bf4 Nd3+ 10. Bxd3 Qxf4 11. Ne2 Qg4 12. Qxg4 Bxg4 13. Bb5+ Bd7 14. Bxd7+ Kxd7 15. 0-0 e5 16. b4 g6 17. Nd2 Bg7 18. f4 e4 19. Rfd1 Ne7 20. Nxe4 a5 21. Rab1 axb4 22. Rxb4 Rxa2 23. Rxb7+ Kc6 24. Rxe7 Rxe2 25. Rxf7 Rxe4 26. Rxg7 Rxf4 27. Ra7 Rd8 28. Rxh7 Kxc5 29. Rc7+ Kd6 30. Ra7 Ke6 31. Ra6+ Kf5 32. Rf1 Rxf1+ 33. Kxf1 Rc8 34. Ra3 Rb8 35. Kf2 Rb2+ 36. Kf3 Rc2 37. h4 Rc1 38. g3 Rf1+ 39. Ke2 Rg1 40. Kf2 Rc1 1/2-1/2

[Event "POL-ch U18"]
[Site "Chotowa"]
[Date "2009.03.31"]
[Round "5"]
[White "Zadlo, Tomasz"]
[Black "Buzun, Michal"]
[Result "1-0"]
[WhiteElo "2080"]
[BlackElo "1924"]
[PlyCount "27"]
[EventDate "2009.03.28"]
[EventType "swiss"]
[EventRounds "11"]
[EventCountry "POL"]
[SourceTitle "EXT 2011"]
[Source "ChessBase"]
[SourceDate "2010.11.26"]
[SourceVersion "1"]
[SourceVersionDate "2010.11.26"]
[SourceQuality "1"]

1. e4 c5 2. c3 Nf6 3. e5 Nd5 4. d4 cxd4 5. Nf3 Nc6 6. cxd4 d6 7. Bc4 Nb6 8. Bb3 dxe5 9. d5 Na5 10. Nc3 f6 11. 0-0 g6 12. Qd3 Bd7 13. Bc2 Nac4 14. Qxg6+ 1-0

[Event "Rewal op-A 13th"]
[Site "Rewal"]
[Date "2008.08.23"]
[Round "4"]
[White "Jagodzinski, Waldemar"]
[Black "Zadlo, Tomasz"]
[Result "1-0"]
[WhiteElo "2141"]
[BlackElo "2041"]
[PlyCount "87"]
[EventDate "2008.08.20"]
[EventType "swiss"]
[EventRounds "9"]
[EventCountry "POL"]
[SourceTitle "CBM 126 Extra"]
[Source "ChessBase"]
[SourceDate "2008.11.05"]
[SourceVersion "1"]
[SourceVersionDate "2008.11.05"]
[SourceQuality "1"]

1. d4 d5 2. Nf3 Nf6 3. c4 c6 4. cxd5 cxd5 5. Nc3 Nc6 6. Bf4 Bf5 7. e3 e6 8. Qb3 Bb4 9. Bb5 Bxc3+ 10. Qxc3 0-0 11. 0-0 Ne4 12. Qa3 g5 13. Bg3 f6 14. Bd3 h5 15. Bxe4 Bxe4 16. Nd2 h4 17. Nxe4 dxe4 18. Bd6 Rf7 19. h3 f5 20. f3 exf3 21. Rxf3 Qd7 22. Raf1 Rd8 23. Bb4 Qd5 24. Bc3 Qe4 25. Qb3 Ne7 26. Qa3 a6 27. Kh1 Nd5 28. Ba5 Rdd7 29. Qc5 Nf6 30. Qc8+ Kg7 31. Rc1 g4 32. hxg4 fxg4 33. Rf4 Qxe3 34. Rcf1 Rd5 35. Bd8 Rf5 36. Rxf5 exf5 37. Qxf5 Qh6 38. d5 Qg6 39. Qe5 h3 40. Bxf6+ Rxf6 41. gxh3 Qh6 42. Qxf6+ Qxf6 43. Rxf6 Kxf6 44. hxg4 1-0

[Event "Rewal op-A 13th"]
[Site "Rewal"]
[Date "2008.08.22"]
[Round "3"]
[White "Zadlo, Tomasz"]
[Black "Puczylowski, Marcin"]
[Result "1-0"]
[WhiteElo "2041"]
[BlackElo "1958"]
[PlyCount "37"]
[EventDate "2008.08.20"]
[EventType "swiss"]
[EventRounds "9"]
[EventCountry "POL"]
[SourceTitle "CBM 126 Extra"]
[Source "ChessBase"]
[SourceDate "2008.11.05"]
[SourceVersion "1"]
[SourceVersionDate "2008.11.05"]
[SourceQuality "1"]

1. e4 e6 2. d4 d5 3. Nc3 Bb4 4. Qd3 dxe4 5. Qxe4 Nf6 6. Qh4 Nc6 7. Nf3 Bd7 8. Bd3 Nd5 9. Bg5 Nce7 10. Bd2 Bc6 11. 0-0 Nxc3 12. bxc3 Ba3 13. Ne5 Bd6 14. Nxc6 Nxc6 15. Qe4 Qd7 16. Rab1 0-0-0 17. Rxb7 Kxb7 18. Rb1+ Ka8 19. Bb5 1-0